Online
Catalog

Crecimiento con estabilidad : (Record no. 26948)

MARC details
000 -CABECERA
campo de control de longitud fija 00690nam a2200169 a 4500
001 - NÚMERO DE CONTROL
campo de control 000027456
005 - FECHA Y HORA DE LA ÚLTIMA TRANSACCIÓN
campo de control 20240228184147.0
008 - DATOS DE LONGITUD FIJA--INFORMACIÓN GENERAL
campo de control de longitud fija 110331s1996 dr a 000 0 spa d
040 ## - FUENTE DE LA CATALOGACIÓN
Centro catalogador/agencia de origen DO-SdBNP
Lengua de catalogación spa
Centro/agencia transcriptor BNPHU
082 ## - NÚMERO DE LA CLASIFICACIÓN DECIMAL DEWEY
Número de clasificación xxxx
Número de documento/Ítem V145c
049 ## - FONDOS LOCALES (OCLC)
Fondos de biblioteca BNPD
100 1# - ENTRADA PRINCIPAL--NOMBRE DE PERSONA
Nombre de persona Valdez Albizu, Héctor,
Fechas asociadas al nombre 1947-
9 (RLIN) 12322
245 10 - MENCIÓN DE TÍTULO
Título Crecimiento con estabilidad :
Resto del título una propuesta para el desarrollo /
Mención de responsabilidad, etc. Héctor Valdez Albizu,.
260 ## - PUBLICACIÓN, DISTRIBUCIÓN, ETC.
Lugar de publicación, distribución, etc. Santo Domingo :
Nombre del editor, distribuidor, etc. Banco Central de la República Dominicana,
Fecha de publicación, distribución, etc. 1996.
300 ## - DESCRIPCIÓN FÍSICA
Extensión 25 p :
Otras características físicas graf. ;
Dimensiones 29 cm.
500 ## - NOTA GENERAL
Nota general Disertación ofrecida ante al Cámara America de Comercio de la República Dominicana por el gobernador del Banco Central, Héctor Valdez Albizu
Holdings
Estado de retiro Estado de pérdida No para préstamo Código de colección Localización permanente Ubicación/localización actual Ubicación en estantería Fecha de adquisición Número de inventario Total de préstamos Signatura topográfica completa Código de barras Fecha visto por última vez Precio válido a partir de Tipo de ítem Koha
    Excluido de préstamo Patrimonio Dominicano Patrimonio Dominicano Patrimonio Dominicano En catalogación 31.03.2011 LF1   xxxx V145c 27456-10 25.06.2020 25.06.2020 Libro y Folleto Colección Patrimonio Dominicano

Powered by Koha